El pulso económico de EEUU y su impacto en El Salvador

Tallennettuna:
Bibliografiset tiedot
Aineistotyyppi: Teksti
Tagit: Lisää tagi
Ei tageja, Lisää ensimmäinen tagi!

MARC

LEADER 00000 a a2200000 04500
001 42594
003
040
245 |a El pulso económico de EEUU y su impacto en El Salvador  
773 |g volumen25, número1105 ( , 2004), páginas 8-9  
999 |c 30621  |d 30621